000
00332nam a22001457a 4500
008
210607b ||||| |||| 00| 0 eng d
020
_a
9780136091165
041
_a
eng
080
_2
2nd
_a
330.722.6
082
_a
330.722.6
100
_a
62
101
_a
KM
245
_a
Managerial Accounting
_c
Karen W. Braun
942
_2
udc
_c
BK
999
_c
58044
_d
58044